000 01331cam a22003857a 4500
003 CHAP
005 20220329134822.0
008 971013c19741965 r 00010 d
010 _a26453
011 _a27425
035 _a31526
040 _cCHAP
082 _a338.0183
_bK3
100 0 0 _aKahl, Joseph A.
_962589
245 1 3 _aLa industrialización en América Latina
260 _aMéxico, D. F. :
_bFondo de Cultura Económica,
_c1974 (c.1965)
300 _a568 p.
490 0 _aSección de obras de sociología
590 _aBATCH-UPD
_b10
_c20130110
_lUCH01
_h0039
590 _aBATCH-UPD
_b10
_c20130110
_lUCH01
_h1048
590 _aBATCH-UPD
_b10
_c20130409
_lUCH01
_h2023
590 _aBATCH-UPD
_b10
_c20130410
_lUCH01
_h0645
590 _aBATCH-UPD
_b10
_c20130914
_lUCH01
_h0823
590 _aCONVERSION
_b10
_c20130109
_lUCH01
_h1315
650 1 4 _aAmerica Latina
_xCondiciones economicas.
_95390
650 1 4 _aAmerica Latina
_xCondiciones sociales.
_95395
650 1 4 _aCambio social.
_917787
650 1 4 _aIndustria
_xAmérica Latina.
_957688
650 1 4 _aIndustrialización.
_957923
650 1 4 _aTrabajo y trabajadores
_zAmérica Latina.
_9114552
830 0 _aSección de obras de sociología
_9103511
901 _aBK
942 _cLIBRO
949 _a338.0183 K3
_bBC
_cLIBRO
_d33724000352514
_eLIBRO
_h40390
_i31526
_si
999 _c26453
_d26453